000 00489nam a2200181Ia 4500
001 13233
005 20260306163038.0
008 260306t2002||||xx |||||||||||||| ||spa||
041 _aESP
082 _a001.42
_bD32
100 _aDawson, Christian W.
_eAUT
245 0 _aEl proyecto fin de carrera en ingeniería informática:
_buna guía para el estudiante
260 _c2002
300 _axvi, 169 páginas :
_c24 cm.
650 _aGEN
654 _aCHU
942 _cLIB
_dJUS
_fJUS
_2ddc
_n
999 _c13233
_d13233